00713nam a22002177a 450000500170000001000150001702000260003203500140005803700090007208200080008110000200008924500370010925000060014626000400015227000790019230000230027170000340029494200220032899900190035095201260036920241121111100.0 aENG-141823 c950.00a9789385621406 aEN-125355 bDBAD a921 akiran. A974023 aDeendayal Upadhyaya/cBy A.Kiran a1 aNew DelhibNISHA PUBLICATIONSc2017 bNew DelhiaG-11 A 4754/23, Akarshan Bhawan, Ansari Road, Daryaganje110002 a280vpp.c22cm(pbk) aKunwar neelmaeauthour972136 2ddccENh921mKIR c205987d205987 001040708NFICaBNbBNd2024-09-27eDBADg950.00l0o921 KIRpEN-125355r2024-09-27 00:00:00t1v950.00w2024-09-27yEN